Mozambique all time starting xi - Statistics

General Stats
  • This quiz has been taken 3 times
  • The average score is 2 of 11
Answer Stats
Hint Answer % Correct
DF(2014- Reinildo Mandava
100%
MF(2019- Geny Catamo
50%
MF(2003-2019 Abdul Guambe
0%
DF(2004-2015 Almiro Lobo
0%
FW(1996-2011 Dário Monteiro
0%
MF(2004- Elias Pelembe
0%
GK(2021- Ernan Siluane
0%
FW(2015-2023 Luís Miquissone
0%
DF(2007- Mexer
0%
FW(1992-2010 Tico-Tico
0%
DF(2008-2023 Zainadine
0%
No matching quizzes found
Score Distribution
Percent of People with Each Score
Percentile by Number Answered
Your Score History
You have not taken this quiz